| 000 | 00586nam a2200181Ia 4500 | ||
|---|---|---|---|
| 005 | 20251020182617.0 | ||
| 008 | 200515s9999 xx 000 0 und d | ||
| 082 | _aSC/694:69.057.7/S38 | ||
| 110 | _aSena | ||
| 245 | 0 | _aArmado de encofrados en madera | |
| 260 | _aBogotá, D.C. | ||
| 260 | _c1986 | ||
| 300 | _a83 | ||
| 520 | _aProcedimientos y recomendaciones necesarias para llevar a cabo de forma correcta el armado y colocación de encofrados que permitan el vaciado de los elementos en hormigón durante la obra | ||
| 650 | _aENCOFRADOS | ||
| 650 | _aPUB SENA | ||
| 942 | _cLIB | ||
| 999 |
_c3540 _d3540 |
||